000 00594nam a2200181Ia 4500
003 GCL
008 140319s9999 xx 000 0 ara d
040 _aGCL /
_cGCL
082 0 4 _a923.2
_bس ت
100 1 _aسيد عويس
245 1 0 _aالتاريخ الذى احمله على ظهرى .الجزء الثالث : الثمار /
_cسيد عويس
260 _aالقاهرة :
_bدار العين للنشر ،
_c2006
300 _a203 ص ؛
_c24 سم
650 0 4 _aالرجال - تراجم
650 0 4 _aالسياسيون - تراجم
650 0 4 _aسيد عويس
942 _2ddc
_cBK
999 _c9826
_d9826